Statistics for Rugby Premiership's winners. (1988 - …)

Click here to take the quiz!

General Stats

  • This quiz has been taken 139 times
    (57 since last reset)
  • The average score is 8 of 9

Answer Stats

AnnéeVainqueur% Correct
2012 | 2021 Harlequins
96%
1988 | 1995 l 1999 | 2000 | 2001 |
2002 | 2007 | 2009 | 2010 | 2013 |
2022
Leicester Tigers
96%
1990 | 1997 | 2003 | 2004 | 2005 |
2008
London Wasps
96%
2011 | 2015 | 2016 | 2018 | 2019 |
2023
Saracens
96%
2017 | 2020 Exeter Chiefs
88%
2014 Northampton Saints
86%
1989 | 1991 | 1992 | 1993 | 1994 |
1996
Bath rugby
84%
1998 Newcastle Falcons
80%
2006 Sale Sharks
78%

Score Distribution

Percentile by Number Answered

Percent of People with Each Score

Your Score History

You have not taken this quiz since the last reset